| 000 | 00772nam a2200265Ia 4500 | ||
|---|---|---|---|
| 003 | OSt | ||
| 005 | 20220918181526.0 | ||
| 006 | a|||||r|||| 00| 0 | ||
| 007 | ta | ||
| 008 | 220917b |||||||| |||| 00| 0 eng d | ||
| 024 | _a27,470 | ||
| 037 | _cTextual | ||
| 040 |
_aARTS _cARTS _beng |
||
| 041 |
_2eng _aeng |
||
| 082 | _aO111,2M54:g, M9 | ||
| 100 |
_aKohl Norbert _958728 |
||
| 245 | 0 |
_aOscar wilde _b the works of a conformist rebel tr by David Henry Wilson |
|
| 260 |
_aCambridge _bCUP _c1989 |
||
| 300 |
_ax,439p. _ccm. |
||
| 490 | _aEuropean studies in english literature | ||
| 500 | _aBib 411-26p; Includes index | ||
| 650 | _aENGLISH LITERATURE | ||
| 942 |
_hO111,2M54:g, M9 _cTEXL _2CC |
||
| 999 |
_c165915 _d165915 |
||